100 Biggest Cities in Washington on a Map - Statistics

General Stats
  • This quiz has been taken 856 times
  • The average score is 42 of 100
Answers on the Map
Answers color-coded by a green-red scale on the quiz's map according to % correct below.
 
Answer Stats
Population City % Correct
737,015 Seattle
95%
228,989 Spokane
93%
55,605 Olympia
89%
219,346 Tacoma
89%
190,915 Vancouver
89%
91,482 Bellingham
86%
151,854 Bellevue
84%
110,629 Everett
83%
96,968 Yakima
82%
102,976 Spokane Valley
79%
136,588 Kent
76%
34,060 Walla Walla
76%
101,030 Federal Way
75%
106,785 Renton
73%
83,921 Kennewick
72%
77,108 Pasco
68%
73,256 Redmond
68%
60,560 Richland
68%
19,960 Port Angeles
66%
92,175 Kirkland
63%
87,256 Auburn
62%
32,901 Pullman
62%
43,505 Bremerton
61%
35,508 Wenatchee
61%
70,714 Marysville
59%
67,455 Sammamish
58%
17,013 Aberdeen
57%
58,608 Shoreline
57%
35,219 Mount Vernon
54%
42,973 Puyallup
54%
31,454 SeaTac
54%
53,526 Lacey
53%
37,818 Longview
53%
40,051 Issaquah
52%
17,637 Anacortes
51%
48,161 Bothell
49%
18,666 Ellensburg
49%
63,612 Lakewood
49%
42,853 Edmonds
46%
52,066 Burien
45%
18,183 Centralia
45%
25,748 Mercer Island
44%
25,146 Moses Lake
42%
14,158 East Wenatchee
40%
38,568 Lynnwood
40%
32,888 Des Moines
39%
24,622 Oak Harbor
39%
25,350 Tumwater
39%
24,825 Bainbridge Island
38%
26,065 Camas
38%
20,743 Battle Ground
36%
14,121 Snoqualmie
36%
15,048 Ferndale
35%
34,866 University Place
35%
16,295 West Richland
35%
19,868 Arlington
34%
15,749 Lynden
34%
15,587 Port Orchard
34%
21,798 Tukwila
34%
13,255 Cheney
33%
35,630 Lake Stevens
33%
19,699 Monroe
32%
21,538 Mukilteo
32%
28,013 Maple Valley
30%
21,286 Mountlake Terrace
30%
16,375 Sunnyside
30%
17,039 Washougal
29%
17,356 Camano
28%
23,914 Kenmore
28%
20,777 Covington
27%
20,926 Mill Creek
27%
64,708 South Hill
26%
22,487 Bonney Lake
24%
13,630 Lake Forest Park
24%
16,631 White Center
24%
32,658 Graham
23%
38,623 Parkland
23%
20,733 Silverdale
23%
35,476 Spanaway
23%
27,729 Orchards
21%
23,569 Hazel Dell
19%
20,973 Five Corners
17%
21,293 Salmon Creek
17%
13,641 Artondale
16%
15,413 Lake Stickney
16%
21,660 Martha Lake
16%
22,015 Bothell West
15%
17,397 Bryn Mawr-Skyway
15%
22,857 Cottage Lake
15%
19,396 Fairwood
15%
24,906 Frederickson
15%
24,059 Eastmont
14%
14,052 Fort Lewis
14%
13,970 Bothell East
13%
22,802 North Lynnwood
13%
22,174 Silver Firs
13%
22,683 Union Hill-Novelty Hill
13%
14,534 Elk Plain
12%
13,663 Lakeland North
11%
24,912 Mill Creek East
11%
No matching quizzes found
Score Distribution
Percent of People with Each Score
Percentile by Number Answered
Your Score History
You have not taken this quiz